[Event "chess.com Speed 2019"]
[Site "chess.com INT"]
[Date "2020.02.21"]
[Round "4.11"]
[White "Nakamura,Hi"]
[Black "So,W"]
[Result "0-1"]
[WhiteElo "2745"]
[BlackElo "2767"]

1.d4 Nf6 2.c4 g6 3.Nf3 Bg7 4.e3 O-O 5.Be2 b6 6.O-O Bb7 7.Qc2 e6 8.Nc3 c5
9.Rd1 d5 10.dxc5 bxc5 11.cxd5 exd5 12.Na4 Nbd7 13.b3 Rc8 14.Bb2 Re8 15.Bb5 d4
16.Nd2 Ng4 17.Nf1 a6 18.Bxd7 Qxd7 19.f3 Nxe3 20.Nxe3 Rxe3 21.Nb6 Qe6 22.Nxc8 Re2
23.Qd3 Rxb2 24.Na7 Bh6 25.Re1 Be3+ 26.Kf1 Rf2+  0-1

[Event "chess.com Speed 2019"]
[Site "chess.com INT"]
[Date "2020.02.21"]
[Round "4.12"]
[White "So,W"]
[Black "Nakamura,Hi"]
[Result "1/2-1/2"]
[WhiteElo "2767"]
[BlackElo "2745"]

1.e4 e5 2.Nf3 Nc6 3.Bb5 Nf6 4.d3 Bc5 5.Bxc6 dxc6 6.Nbd2 Qe7 7.Nc4 Nd7 8.O-O O-O
9.Kh1 Re8 10.a4 b6 11.b3 a5 12.Bb2 Bd6 13.d4 exd4 14.Qxd4 f6 15.Nxd6 Qxd6
16.Qxd6 cxd6 17.Rad1 Re6 18.Nd4 Rxe4 19.f3 Re3 20.Rfe1 Rxe1+ 21.Rxe1 Ne5
22.f4 Ng6 23.Nxc6 Bb7 24.Ne7+ Kf8 25.Nxg6+ hxg6 26.Bd4 Re8 27.Rxe8+ Kxe8
28.Bxb6 Be4 29.c3 Bc2 30.Bxa5 Bxb3 31.Bb4 Bxa4 32.Bxd6 Bb3 33.Kg1 Kf7 34.Kf2 Bd5
35.Bc5 Ke6 36.Bf8 Kf7 37.Ba3 Ke6 38.g3 g5 39.fxg5 fxg5 40.g4 Kf6 41.Bb2 Bc4
42.Bc1 Be6 43.Kg3 Bc4 44.Be3 Bb3 45.Bd4+ Kf7 46.Bb6 Kf6 47.Bd8+ Kg6 48.Kf3 Be6
49.Be7 Bd5+ 50.Ke3 Be6 51.Kf3 Bd5+ 52.Kf2 Be6 53.Kg3 Bd5 54.Bd8 Be6 55.Kf3 Bd5+
56.Ke3 Be6 57.Kd4 Bxg4 58.c4 Kf7 59.Kc5 Ke8 60.Bxg5 Kd7 61.Bf4  1/2-1/2

[Event "chess.com Speed 2019"]
[Site "chess.com INT"]
[Date "2020.02.21"]
[Round "4.4"]
[White "So,W"]
[Black "Nakamura,Hi"]
[Result "1/2-1/2"]
[WhiteElo "2767"]
[BlackElo "2745"]

1.e4 e5 2.Nf3 Nc6 3.d4 exd4 4.Nxd4 Bc5 5.Nb3 Bb6 6.Nc3 Nf6 7.Bg5 O-O 8.Qe2 Nd4
9.Qd2 Nxb3 10.axb3 h6 11.Be3 Bxe3 12.Qxe3 b6 13.O-O-O Bb7 14.e5 Re8 15.f4 d6
16.Bb5 Nd7 17.Qh3 c6 18.Rxd6 cxb5 19.Rxd7 Bxg2 20.Rxd8 Bxh3 21.Rxe8+ Rxe8
22.Nxb5 g5 23.Rg1 Kf8 24.fxg5 Rxe5 25.gxh6 Rh5 26.Nxa7 Bd7 27.Rg2 Rxh6 28.c4 Rh3
29.b4 Ke7 30.b5 Kd6 31.Rd2+ Kc7 32.Rf2 Be6 33.Nc6 Bxc4 34.Ne5 Bxb5 35.Rxf7+ Kd6
36.Nf3 Bc6 37.Rf6+ Kc5 38.Rf5+ Kd6 39.Nd4 Rxh2 40.Rf6+ Ke5 41.Rxc6 Kxd4 42.Rxb6 Kc5
43.Rb8 Kc6  1/2-1/2

[Event "chess.com Speed 2019"]
[Site "chess.com INT"]
[Date "2020.02.21"]
[Round "4.33"]
[White "Nakamura,Hi"]
[Black "So,W"]
[Result "1-0"]
[WhiteElo "2745"]
[BlackElo "2767"]

1.e4 c5 2.Ke2 Nc6 3.d3 g6 4.c3 Bg7 5.g3 d5 6.Bg2 Nf6 7.Nh3 O-O 8.f3 b6 9.Nf2 Ba6
10.Ke1 e5 11.Qa4 Bb7 12.Ke2 Qd7 13.Kf1 Rad8 14.Kg1 h6 15.Nd2 a6 16.Nf1 b5
17.Qc2 c4 18.dxc4 bxc4 19.b3 dxe4 20.fxe4 Ne7 21.Ba3 Rfe8 22.Rd1 Qc7 23.Rxd8 Rxd8
24.h3 Nc8 25.Kh2 Nd6 26.Nd2 cxb3 27.axb3 Nb5 28.Bb2 Nd4 29.Qd1 Nxb3 30.Qxb3 Rxd2
31.Rf1 a5 32.Bc1 Rd8 33.Be3 Bc6 34.Qb6 Qxb6 35.Bxb6 Ra8 36.Nd3 Nxe4 37.Nc5 f5
38.g4 a4 39.gxf5 gxf5 40.Rxf5 a3 41.Nxe4 a2 42.Rf1 a1=Q 43.Rxa1 Rxa1 44.Nf6+ Bxf6
45.Bxc6 Ra6 46.Bd5+ Kg7 47.Bf2 Be7 48.c4 Ra5 49.Kg3 Bc5 50.Be1 Ra3+ 51.Kg4 Bd4
52.h4 Kf6 53.h5 Ke7 54.Bb4+  1-0

[Event "chess.com Speed 2019"]
[Site "chess.com INT"]
[Date "2020.02.21"]
[Round "4.34"]
[White "So,W"]
[Black "Nakamura,Hi"]
[Result "1-0"]
[WhiteElo "2767"]
[BlackElo "2745"]

1.e4 e5 2.Nf3 Nc6 3.Bc4 Bc5 4.c3 Nf6 5.d3 d6 6.O-O h6 7.Re1 O-O 8.Nbd2 a5
9.h3 Bb6 10.Nf1 Be6 11.Bb5 Ne7 12.d4 exd4 13.Nxd4 Bd7 14.Bxd7 Qxd7 15.Ng3 Rae8
16.Qf3 Kh7 17.Be3 Ng6 18.c4 Nh4 19.Qf4 Ng6 20.Qf5 Qxf5 21.Ndxf5 Bxe3 22.Rxe3 a4
23.Rae1 Nd7 24.Kf1 Nc5 25.Nd4 Ne5 26.b3 axb3 27.axb3 Ned3 28.Rd1 Nb4 29.Nb5 Rc8
30.Nf5 g6 31.Ne7 Rce8 32.Nd5 Nxd5 33.cxd5 Rxe4 34.Rxe4 Nxe4 35.Rc1 Nd2+ 36.Ke2 Nxb3
37.Rxc7 b6 38.Nxd6 Rd8 39.Nxf7 Rxd5 40.Ne5+ Kg8 41.Nxg6 Rd6 42.Ne7+ Kf8 43.Nf5 Re6+
44.Kf3 Nd2+ 45.Kg4 Ne4 46.f4 Nf6+ 47.Kf3 Nd5 48.Rh7 b5 49.Nxh6 b4 50.Nf5 Rb6
51.Rd7 Nc3 52.Nd4 b3 53.Nxb3 Rxb3 54.Rd3 Nb5 55.Rxb3 Nd4+ 56.Ke4 Nxb3 57.g4 Nd2+
58.Ke3 Nc4+ 59.Kd4 Nd2 60.Ke5 Nf3+ 61.Ke4 Nd2+ 62.Kf5 Kf7 63.h4 Nf1 64.g5 Ng3+
65.Kg4 Ne4 66.h5 Nc3 67.h6 Nd5 68.f5 Ne3+ 69.Kf4 Nc4 70.g6+ Kg8 71.h7+ Kh8
72.f6 Ne5 73.g7+  1-0

[Event "chess.com Speed 2019"]
[Site "chess.com INT"]
[Date "2020.02.21"]
[Round "4.21"]
[White "Nakamura,Hi"]
[Black "So,W"]
[Result "1-0"]
[WhiteElo "2745"]
[BlackElo "2767"]

1.e4 e5 2.Bc4 Nf6 3.d3 c6 4.Nf3 d5 5.Bb3 Bb4+ 6.Bd2 Bxd2+ 7.Nbxd2 a5 8.a3 Bg4
9.h3 Bxf3 10.Nxf3 a4 11.Ba2 dxe4 12.dxe4 Qa5+ 13.c3 O-O 14.O-O Nbd7 15.Re1 h6
16.Nh4 Nc5 17.Qf3 Rad8 18.Nf5 g6 19.Nxh6+ Kg7 20.Ng4 Nxg4 21.hxg4 Qb5 22.g5 Qxb2
23.Qf6+ Kh7 24.Bxf7  1-0

[Event "PRO League KO Stage 2020"]
[Site "chess.com INT"]
[Date "2020.03.04"]
[Round "1"]
[White "Nakamura,Hi"]
[Black "Lagarde,Max"]
[Result "1-0"]
[WhiteElo "2736"]
[BlackElo "2658"]

1.e4 c5 2.Nf3 d6 3.Nc3 Nf6 4.h3 Nc6 5.d4 cxd4 6.Nxd4 e5 7.Nf3 Be7 8.Bc4 O-O
9.O-O Be6 10.Bb3 Rc8 11.Bg5 Na5 12.Bxf6 Bxf6 13.Nd5 Bg5 14.Qd3 Rc5 15.Nc3 Nc4
16.Rab1 Be7 17.Nd2 b5 18.Rfd1 Qb6 19.Bxc4 bxc4 20.Qe2 Qc6 21.Nd5 Bxd5 22.exd5 Rxd5
23.Nxc4 Rc8 24.Ne3 Rxd1+ 25.Rxd1 Bg5 26.c3 Bxe3 27.Qxe3 Qa4 28.Rxd6 Qxa2
29.Qc5 Rf8 30.b4 Qe2 31.b5 h5 32.Rd7 Qe1+ 33.Kh2 Qe4 34.Rxa7 Rd8 35.Qe3 Qf5
36.b6 Kh7 37.Qf3 Qxf3 38.gxf3 Rb8 39.Ra6 Kg6 40.c4 Kf5 41.c5 Ke6 42.c6 Kd6
43.c7 Re8 44.c8=Q  1-0

[Event "PRO League KO Stage 2020"]
[Site "chess.com INT"]
[Date "2020.03.04"]
[Round "1"]
[White "Gozzoli,Y"]
[Black "Nakamura,Hi"]
[Result "0-1"]
[WhiteElo "2599"]
[BlackElo "2736"]

1.d4 Nf6 2.c4 g6 3.Nc3 Bg7 4.e4 d6 5.Nf3 O-O 6.Be2 e5 7.O-O Nc6 8.d5 Ne7
9.b4 a5 10.bxa5 c5 11.a4 Rxa5 12.Ra3 Kh8 13.Nd2 Nd7 14.Nb5 Ra6 15.Bb2 f5
16.exf5 gxf5 17.f4 Ng6 18.Qa1 Rg8 19.fxe5 Ndxe5 20.Kh1 Qe7 21.Qd1 Bd7 22.Ba1 Raa8
23.Nf3 Ng4 24.Bxg7+ Rxg7 25.Qd2 f4 26.Bd3 Ne3 27.Rg1 Ne5 28.Nxe5 dxe5 29.Be2 Nf5
30.d6 Qf6 31.Rh3 Rag8 32.Bf3 Nd4 33.Nxd4 Bxh3 34.Nb3 e4  0-1

[Event "PRO League KO Stage TB 2020"]
[Site "chess.com INT"]
[Date "2020.03.04"]
[Round "1.1.5"]
[White "Nakamura,Hi"]
[Black "Bacrot,E"]
[Result "1-0"]
[WhiteElo "2736"]
[BlackElo "2673"]

1.Nf3 d5 2.g3 Nf6 3.Bg2 e6 4.d3 Be7 5.O-O O-O 6.Nbd2 a5 7.e4 a4 8.a3 Nc6
9.Re1 dxe4 10.dxe4 e5 11.c3 Bc5 12.h3 h6 13.Qe2 Qe7 14.Nh4 Be6 15.Nc4 Bxc4
16.Qxc4 Rfd8 17.Nf5 Qf8 18.Kh2 b6 19.f4 g6 20.Nh4 Qg7 21.Qb5 Rd6 22.Nf3 Nh5
23.Rf1 Ra5 24.Qe2 Ra8 25.Qb5 Kh8 26.Bd2 Rad8 27.Rae1 exf4 28.Bxf4 Nxf4 29.gxf4 Qf6
30.e5 Qxf4+ 31.Kh1 Qg3 32.exd6  1-0

[Event "PRO League KO Stage TB 2020"]
[Site "chess.com INT"]
[Date "2020.03.04"]
[Round "1.1.4"]
[White "Lagarde,Max"]
[Black "Nakamura,Hi"]
[Result "0-1"]
[WhiteElo "2658"]
[BlackElo "2736"]

1.e4 c6 2.d4 d5 3.e5 Bf5 4.h4 h5 5.Bd3 Bxd3 6.Qxd3 e6 7.Nf3 Ne7 8.Nbd2 Nd7
9.c4 Qa5 10.b4 Qxb4 11.Rb1 dxc4 12.Qxc4 Qa5 13.Rxb7 Nb6 14.Rxe7+ Bxe7 15.Qxc6+ Kf8
16.O-O Qxa2 17.Ne4 Qd5 18.Qc2 Rc8 19.Qb1 f6 20.Bf4 Kf7 21.exf6 gxf6 22.Neg5+ Ke8
23.Qg6+ Kd7 24.Nh7 Qf5  0-1

[Event "PRO League KO Stage TB 2020"]
[Site "chess.com INT"]
[Date "2020.03.04"]
[Round "1.1.6"]
[White "Vachier Lagrave,M"]
[Black "Nakamura,Hi"]
[Result "0-1"]
[WhiteElo "2767"]
[BlackElo "2736"]

1.e4 e5 2.Nf3 Nc6 3.Bc4 Bc5 4.c3 Nf6 5.d3 d6 6.O-O h6 7.Nbd2 a5 8.Re1 O-O
9.Nf1 Ne7 10.d4 exd4 11.cxd4 Bb4 12.e5 dxe5 13.dxe5 Nfd5 14.Bd2 Nb6 15.Bb3 Bxd2
16.N1xd2 Bf5 17.Rc1 a4 18.Bc2 a3 19.bxa3 Bxc2 20.Qxc2 Nbd5 21.Qb3 Qd7 22.e6 fxe6
23.Ne5 Qe8 24.Qxb7 Rxa3 25.Qb1 Qa8 26.Nd7 Rd8 27.Nc5 Nf4 28.Nde4 Rxa2 29.Rc2 Rxc2
30.Qxc2 Nf5 31.Qc4 Qd5 32.Qxd5 exd5 33.Nd2 Kf7 34.g3 Ng6 35.Ra1 Rd6 36.Ra7 Rc6
37.Ndb3 Nge7 38.Kg2 Nd6 39.Nd7 Rc3 40.Nd4 Nc4 41.Nb5 Rc2 42.Rxc7 Kg8 43.Nf6+ Kf8
44.Nd7+ Ke8 45.Nc5 Kf7  0-1

[Event "PRO League KO Stage 2020"]
[Site "chess.com INT"]
[Date "2020.03.04"]
[Round "1"]
[White "Nakamura,Hi"]
[Black "Vachier Lagrave,M"]
[Result "1/2-1/2"]
[WhiteElo "2736"]
[BlackElo "2767"]

1.e4 c5 2.Nf3 d6 3.Bb5+ Nd7 4.O-O a6 5.Bd3 Ngf6 6.c3 b5 7.Bc2 Bb7 8.Re1 c4
9.b3 e6 10.Qe2 Qc7 11.a4 cxb3 12.Bxb3 Nxe4 13.axb5 axb5 14.Rxa8+ Bxa8 15.Na3 Be7
16.Nxb5 Qb6 17.c4 O-O 18.d3 Nef6 19.Be3 Qa5 20.Bd2 Bxf3 21.Bxa5 Bxe2 22.Rxe2 Ra8
23.Bc3 Nc5 24.Bc2 d5 25.g3 dxc4 26.dxc4 Nfd7 27.Bd4 h6 28.Nc7 Rc8 29.Nd5 Bd6
30.Ne3 Be5 31.Rd2 Bxd4 32.Rxd4 Kf8 33.Bd1 Ke7 34.Rd2 Ra8 35.Rb2 Ne5 36.Be2 Nc6
37.Kg2 Nd4 38.Rd2 Ndb3 39.Rb2 Rd8 40.Bd1 Nd4 41.Ra2 Rd7 42.h4 f5 43.h5 Kf6
44.Rd2 Ne4 45.Rd3 Nc5 46.Rd2 Ne4  1/2-1/2

[Event "PRO League KO Stage 2020"]
[Site "chess.com INT"]
[Date "2020.03.04"]
[Round "1"]
[White "Bacrot,E"]
[Black "Nakamura,Hi"]
[Result "0-1"]
[WhiteElo "2673"]
[BlackElo "2736"]

1.Nf3 d5 2.e3 Nf6 3.c4 e6 4.Nc3 dxc4 5.Bxc4 a6 6.a4 b6 7.d4 Bb7 8.O-O c5
9.Qe2 cxd4 10.exd4 Be7 11.Rd1 O-O 12.Bf4 Nd5 13.Bg3 Nc6 14.Nxd5 exd5 15.Bd3 Nb4
16.Bb1 a5 17.Ne5 g6 18.Ra3 Ba6 19.Qd2 Rc8 20.Bf4 Bf6 21.Rh3 Re8 22.Bg3 Bg7
23.Qf4 Qf6 24.Qxf6 Bxf6 25.Bf4 Bg7 26.Rc3 f6 27.Nf3 Be2 28.Rdc1 Rxc3 29.bxc3 Nd3
30.Bxd3 Bxd3 31.Ne1 Bf5 32.Be3 Bd7 33.Ra1 Rc8 34.Bd2 Rc4 35.Rb1 Rxa4 36.Rxb6 Ra2
37.Be3 a4 38.Rb7 Be8 39.Rb8 Kf7 40.Rb7+ Ke6 41.Rxg7 Ra1 42.Bd2 Rd1 43.g3 Rxd2
44.Nf3 Rd1+ 45.Kg2 g5 46.Ra7 Bb5 47.h3 h5 48.g4 h4 49.Ra5 Bf1+ 50.Kh2 Rd3
51.Ng1 Rd2 52.Rxa4 Rxf2+ 53.Kh1 Bg2+  0-1

[Event "PRO League KO Stage 2020"]
[Site "chess.com INT"]
[Date "2020.03.12"]
[Round "2"]
[White "Petrosian,TL"]
[Black "Nakamura,Hi"]
[Result "1/2-1/2"]
[WhiteElo "2601"]
[BlackElo "2736"]

1.d4 Nf6 2.c4 e6 3.Nc3 Bb4 4.e3 O-O 5.Bd3 c5 6.Nf3 d5 7.O-O dxc4 8.Bxc4 cxd4
9.exd4 b6 10.Bg5 Bb7 11.Rc1 Bxc3 12.Rxc3 Nbd7 13.Qe2 h6 14.Bh4 Rc8 15.Re1 Qe8
16.Bb5 Rxc3 17.bxc3 Qc8 18.Ne5 Nxe5 19.dxe5 Nd5 20.c4 Nf4 21.Qg4 Ng6 22.Bg3 Rd8
23.h4 Ne7 24.Rd1 Rxd1+ 25.Qxd1 a6 26.Ba4 Nf5 27.Bc2 Qxc4 28.Qd8+ Kh7 29.Bxf5+ exf5
30.Qxb6 Bd5 31.Qa5 Qd4 32.a3 g5 33.hxg5 hxg5 34.Qd8 f4 35.Qxg5 Qd1+ 36.Kh2 fxg3+
37.Kxg3 Qd3+ 38.f3 Be6 39.Kh4 Qd1 40.g4 Qh1+ 41.Kg3 a5 42.Qh4+ Qxh4+ 43.Kxh4 Kg6
44.f4 a4 45.Kg3 Bd7 46.Kf3 Bb5 47.Ke3 Bf1 48.Kf2 Bc4 49.Kf3 Bb3 50.Ke2 Kg7
51.Kf3 Kf8 52.f5 Ke7 53.Kf4 Bd1 54.g5 Bc2 55.g6  1/2-1/2

[Event "PRO League KO Stage 2020"]
[Site "chess.com INT"]
[Date "2020.03.12"]
[Round "2"]
[White "Nakamura,Hi"]
[Black "Andriasian,Z"]
[Result "0-1"]
[WhiteElo "2736"]
[BlackElo "2606"]

1.d4 d5 2.Bf4 Nf6 3.e3 c6 4.Nd2 Bf5 5.c4 e6 6.Qb3 Qc8 7.Rc1 Be7 8.h3 h6 9.Ngf3 O-O
10.Be2 Nbd7 11.g4 Be4 12.O-O Bh7 13.Bg3 Ne4 14.Nxe4 Bxe4 15.Nd2 Bh7 16.Bd3 Bxd3
17.Qxd3 Nb6 18.e4 dxc4 19.Nxc4 Nxc4 20.Qxc4 Rd8 21.Qb3 Rxd4 22.Rfd1 Rxe4
23.Qd3 Rb4 24.b3 a5 25.a4 Qf8 26.Be5 Rd8 27.Qf3 Rd5 28.Rxd5 exd5 29.Bc7 Bd8
30.Bg3 Re4 31.Qf5 Qe8 32.f3 g6  0-1

[Event "PRO League KO Stage 2020"]
[Site "chess.com INT"]
[Date "2020.03.12"]
[Round "2"]
[White "Nakamura,Hi"]
[Black "Chigaev,M"]
[Result "1-0"]
[WhiteElo "2736"]
[BlackElo "2589"]

1.e4 e5 2.Nc3 Nf6 3.Bc4 Bc5 4.d3 d6 5.Na4 Bb4+ 6.c3 Ba5 7.b4 Bb6 8.Bb3 h6
9.h3 Nc6 10.Nf3 Be6 11.Bc2 Qd7 12.Qe2 Ne7 13.O-O Ng6 14.Kh2 Qe7 15.d4 Bd7
16.Re1 O-O 17.Nxb6 axb6 18.a3 Rfe8 19.d5 b5 20.c4 bxc4 21.Qxc4 c6 22.dxc6 Bxc6
23.Bb2 Rac8 24.Qe2 Nf4 25.Qd2 Bd7 26.Rad1 Be6 27.Re3 Red8 28.Bb1 Nh7 29.Rc3 Rxc3
30.Bxc3 Rc8 31.Bb2 Ng5 32.Ng1 Qf6 33.Qe3 Qg6 34.Qg3 Nh5 35.Qe3 Nf4 36.Rxd6 Ngxh3
37.Qg3 Ng5 38.Kh1 Nxe4 39.Qxg6 Nxf2+ 40.Kh2 Nxg6 41.Bxg6 fxg6 42.Rxe6 Rc2
43.Bxe5 Kf7 44.Rb6 Ng4+ 45.Kg3 Nxe5 46.Rxb7+ Kf6 47.Nf3 Nxf3 48.gxf3 g5 49.a4 h5
50.a5 Ra2 51.Rb8 Ra3 52.Kf2 g4 53.fxg4 h4 54.Rb5 Ra4 55.Kf3 g5 56.Ke4 h3
57.Rb6+ Kg7 58.Kf3 Ra2 59.Rc6 h2 60.Rc1 Rb2 61.Kg3 Kf6 62.Ra1 Ke5 63.a6 Rxb4
64.Kxh2 Rxg4 65.a7  1-0

[Event "PRO League KO Stage 2020"]
[Site "chess.com INT"]
[Date "2020.03.12"]
[Round "2"]
[White "Maghsoodloo,Parham"]
[Black "Nakamura,Hi"]
[Result "1/2-1/2"]
[WhiteElo "2676"]
[BlackElo "2736"]

1.e4 c5 2.Nf3 d6 3.d4 cxd4 4.Nxd4 Nf6 5.Nc3 a6 6.Be2 g6 7.g4 Bg7 8.g5 Nh5
9.Bxh5 gxh5 10.Nf5 Bxf5 11.exf5 Qa5 12.f6 exf6 13.Qxd6 fxg5 14.O-O Qe5 15.Qb4 Nd7
16.Ne4 a5 17.Qxb7 Rb8 18.Qc6 Rb6 19.Nd6+ Qxd6 20.Re1+ Kd8 21.Qa8+ Kc7 22.Qxa5 Bd4
23.Be3 Bxe3 24.Rxe3 Kb7 25.Rd3 Qc6 26.Rad1 Nc5 27.Rd6 Qb5 28.Qxb5 Rxb5 29.R1d5 Rc8
30.b3 Rb4 31.c4 Ne6 32.Rd7+ Rc7 33.Rxc7+ Kxc7 34.Rf5 Kd6 35.h4 g4 36.Rxf7 Rb8
37.Rf5 Ra8 38.Rxh5 Rxa2 39.Rxh7 Ke5 40.Kg2 Ra1 41.Kg3 Rg1+ 42.Kh2 Re1 43.Kg3 Rg1+
44.Kh2 Rb1 45.Kg3 Rxb3+ 46.Kxg4 Rc3 47.Rf7 Rxc4+ 48.f4+ Ke4 49.Re7 Kd5 50.Rd7+ Kc6
51.Rf7 Rc1 52.h5 Rg1+ 53.Kf5 Ng7+ 54.Rxg7 Rxg7 55.h6 Rg2 56.h7 Rh2 57.Kg6 Kd6
58.Kg7 Ke7 59.h8=Q Rg2+ 60.Kh6 Rh2+ 61.Kg7 Rg2+ 62.Kh6 Rh2+ 63.Kg7  1/2-1/2

[Event "1st Abu Dhabi Super Blitz"]
[Site "chess.com INT"]
[Date "2020.04.15"]
[Round "3"]
[White "Nakamura,Hi"]
[Black "Moroni,L"]
[Result "1-0"]
[WhiteElo "2736"]
[BlackElo "2530"]

1.Nf3 d5 2.b3 Nf6 3.Bb2 g6 4.c4 c6 5.e3 Bg7 6.d4 O-O 7.Bd3 a5 8.a3 Bg4 9.Nbd2 Nbd7
10.h3 Bxf3 11.Nxf3 a4 12.b4 e6 13.O-O Re8 14.Rc1 dxc4 15.Bxc4 Nb6 16.Ba2 Nfd7
17.Qe2 Qe7 18.Rfd1 Rad8 19.Qc2 h6 20.Rd2 Kh7 21.Rcd1 Nf6 22.Ne5 Nfd5 23.Nd3 Ra8
24.Nc5 Nc7 25.Nxb7 Nb5 26.Nc5 Red8 27.Nd3 Rac8 28.Nc5 Ra8 29.Rc1 Ra7 30.Nd3 Rc7
31.Qc5 Qxc5 32.Rxc5 Nd7 33.Rcc2 Nb6 34.Nc5 Rcc8 35.Kf1 Kg8 36.Ke2 Kf8 37.Rd1 Ke7
38.Rdc1 Na7 39.Nd3 Rd6 40.Bc4 f5 41.Nc5 g5 42.Bd3 Bf6 43.Nb7 Rd7 44.Na5 Rd6
45.b5 cxb5 46.Rxc8 Nbxc8 47.Bc3 Rd7 48.Bb4+ Kd8 49.Nc6+ Ke8 50.Nb8 Rb7 51.Na6 Kd8
52.Ba5+ Ke8 53.Nc5 Re7 54.Rb1 Kf7 55.Bxb5 Nxb5 56.Rxb5 e5 57.Bd8 Ra7 58.Bxf6 Kxf6
59.dxe5+ Kxe5 60.Nxa4+ Ke6 61.Nb6 Nxb6 62.Rxb6+ Ke5 63.Rxh6 Rxa3 64.Rg6 Ra2+
65.Kf3  1-0

[Event "1st Abu Dhabi Super Blitz"]
[Site "chess.com INT"]
[Date "2020.04.15"]
[Round "4"]
[White "Narayanan,Sri"]
[Black "Nakamura,Hi"]
[Result "1-0"]
[WhiteElo "2540"]
[BlackElo "2736"]

1.e4 c6 2.d4 d5 3.exd5 Qxd5 4.Nc3 Qa5 5.Nf3 Bf5 6.Bc4 e6 7.Bd2 Nf6 8.Qe2 Bb4
9.a3 O-O 10.O-O Bxc3 11.Bxc3 Qc7 12.Ne5 Nbd7 13.Bd2 Nxe5 14.dxe5 Nd7 15.Bf4 b5
16.Ba2 Nb6 17.c4 bxc4 18.Bxc4 Rfd8 19.Rfd1 a5 20.b3 a4 21.b4 c5 22.b5 Rd4
23.Rxd4 cxd4 24.Bd3 Qc3 25.Rd1 Qxa3 26.Bxf5 exf5 27.e6 Qe7 28.exf7+ Qxf7
29.Be5 Re8 30.f4 a3 31.Qf1 a2 32.Bxd4 Na4 33.b6 Qb3 34.b7 Kh8 35.Re1 Re4
36.Rxe4 fxe4 37.f5 Qxb7 38.f6 Qf7 39.fxg7+ Kg8 40.Qa6 Qe8 41.Qc4+  1-0

[Event "1st Abu Dhabi Super Blitz"]
[Site "chess.com INT"]
[Date "2020.04.15"]
[Round "7"]
[White "Nakamura,Hi"]
[Black "Avalyan,Artur"]
[Result "1-0"]
[WhiteElo "2736"]
[BlackElo "2342"]

1.Nf3 d5 2.b3 Bg4 3.Bb2 Bxf3 4.exf3 Nf6 5.g3 e6 6.Bg2 Nbd7 7.O-O g6 8.d4 Bg7
9.c4 c6 10.Qc2 O-O 11.f4 Qc7 12.Nd2 Rad8 13.f5 gxf5 14.cxd5 Nxd5 15.Bxd5 exd5
16.Qxf5 Qd6 17.Nf3 Qf6 18.Nh4 Rfe8 19.Rfe1 Nf8 20.Qg4 Ne6 21.Rad1 Qg5 22.Qf3 h6
23.Nf5 Qg6 24.h4 h5 25.Re2 Bf6 26.Rde1 Kh7 27.Re3 a5 28.Bc3 b6 29.a4 Bh8
30.R3e2 c5 31.Rd1 Bf6 32.Bb2 Qg4 33.Qxg4 hxg4 34.dxc5 Bxb2 35.Rxb2 Nxc5 36.Ne3 d4
37.Nxg4 Kg7 38.Kg2 d3 39.Ne3 Re4 40.Nc4 Nxa4 41.bxa4 Rxc4 42.Rxb6 Rxa4 43.Rd2 Ra3
44.h5 Rd5 45.h6+ Kh7 46.Rf6 Rd7 47.g4 Rc3 48.Ra6 Rd5 49.Kf3 Rc2 50.Ke3 Rc4
51.f4 Rdd4 52.Rf6 Rd7 53.Rxd3 Re7+ 54.Kf3 a4 55.g5 Rb4 56.Kg4 Rb3 57.Rxb3 axb3
58.Rb6 Re3 59.Kf5 Rf3 60.Rb7 Kg8 61.Ke4 Rf1 62.Rxb3 Kh7 63.Kf5 Re1 64.Rb7 Kg8
65.Rb8+ Kh7 66.Rf8 Re7 67.Kf6 Re4 68.Rxf7+ Kg8 69.f5 Ra4 70.g6 Ra6+ 71.Kg5 Ra1
72.h7+  1-0

[Event "1st Abu Dhabi Super Blitz"]
[Site "chess.com INT"]
[Date "2020.04.15"]
[Round "9"]
[White "Nakamura,Hi"]
[Black "Giri,A"]
[Result "1/2-1/2"]
[WhiteElo "2736"]
[BlackElo "2764"]

1.Nf3 d5 2.b3 c5 3.e3 Nf6 4.Bb2 g6 5.d4 cxd4 6.Nxd4 Bg7 7.Be2 O-O 8.O-O Bd7
9.c4 Nc6 10.Bf3 dxc4 11.Nxc6 Bxc6 12.Bxc6 bxc6 13.bxc4 Qxd1 14.Rxd1 Ne4 15.Bxg7 Kxg7
16.Rc1 Rfd8 17.Nc3 Nxc3 18.Rxc3 Rd2 19.Ra3 Rc2 20.Ra4 e6 21.h4 Rb8 22.Rxa7 Rbb2
23.Rf1 Rxc4 24.g3 Rcc2 25.a4 Ra2 26.a5 c5 27.a6 c4 28.Kg2 c3 29.Kf3 Rd2 30.Rc7 c2
31.a7 Rd6  1/2-1/2

[Event "1st Abu Dhabi Super Blitz"]
[Site "chess.com INT"]
[Date "2020.04.15"]
[Round "10"]
[White "Andriasian,Z"]
[Black "Nakamura,Hi"]
[Result "1/2-1/2"]
[WhiteElo "2606"]
[BlackElo "2736"]

1.e4 c6 2.Nc3 d5 3.Nf3 Bg4 4.h3 Bh5 5.d4 dxe4 6.Nxe4 Nf6 7.Nxf6+ exf6 8.c3 Bd6
9.Be2 O-O 10.O-O Re8 11.Be3 Nd7 12.Re1 Nb6 13.Nh4 Bxe2 14.Rxe2 Bc7 15.Qd3 Qd6
16.Nf3 Re6 17.Rae1 Rae8 18.c4 Qd7 19.b3 h5 20.Bd2 Rxe2 21.Rxe2 Rxe2 22.Qxe2 Nc8
23.a4 Ne7 24.Bb4 Ng6 25.Bd2 Nf8 26.Qe4 Qe6 27.Qd3 Nd7 28.Be3 a6 29.Kf1 g6
30.Bd2 f5 31.Bc3 Qe4 32.Qxe4 fxe4 33.Ng5 f5 34.f3 exf3 35.Nxf3 Bd8 36.Ke2 g5
37.Bd2 g4 38.Ne1 Bf6 39.Be3 f4 40.Bxf4 gxh3 41.gxh3 Bxd4 42.Nd3 Nc5 43.Nxc5 Bxc5  1/2-1/2

[Event "1st Abu Dhabi Super Blitz"]
[Site "chess.com INT"]
[Date "2020.04.15"]
[Round "11"]
[White "Svidler,P"]
[Black "Nakamura,Hi"]
[Result "1-0"]
[WhiteElo "2723"]
[BlackElo "2736"]

1.e4 e6 2.d4 d5 3.Nd2 Nc6 4.Ngf3 Nf6 5.e5 Nd7 6.Be2 f6 7.exf6 Qxf6 8.Nf1 Bd6
9.Ne3 O-O 10.O-O Ne7 11.Bd3 h6 12.Ng4 Qf7 13.h3 Kh8 14.c3 c5 15.Re1 Nc6 16.Bc2 cxd4
17.cxd4 Nf6 18.Nxf6 Qxf6 19.Qd3 Qf5 20.Qxf5 exf5 21.Bb3 Bd7 22.Bxd5 Nb4 23.Bb3 Nd3
24.Rd1 Nxc1 25.Raxc1 Bf4 26.Ne5 Bxc1 27.Ng6+ Kh7 28.Nxf8+ Rxf8 29.Rxc1 Rd8
30.d5 Kg6 31.Rc7 Bc8 32.f4 Kf6 33.Kf2 g5 34.g3 gxf4 35.gxf4 a5 36.Ke3 b5
37.Kd4 a4 38.Bc2 Be6 39.Rc5 Bd7 40.Bd3 Rb8 41.Rc7 Be8 42.Ra7 Rb6 43.Kc5  1-0

[Event "Carlsen Inv Prelim"]
[Site "chess24.com INT"]
[Date "2020.04.18"]
[Round "1.3"]
[White "Carlsen,M"]
[Black "Nakamura,Hi"]
[Result "1-0"]
[WhiteElo "2863"]
[BlackElo "2736"]

1.d4 Nf6 2.c4 e6 3.Nf3 d5 4.Nc3 Be7 5.Bf4 O-O 6.e3 Nbd7 7.c5 c6 8.h3 b6 9.b4 a5
10.a3 h6 11.Bd3 Ba6 12.O-O Qc8 13.Qc2 Bxd3 14.Qxd3 Qb7 15.Qc2 Rfc8 16.Rfb1 axb4
17.axb4 Bd8 18.Qc1 Bc7 19.Rxa8 Rxa8 20.Bxc7 Qxc7 21.Ra1 Qb7 22.Ra3 Ne8 23.Ne2 Rxa3
24.Qxa3 Nc7 25.Nf4 Qa6 26.Qxa6 Nxa6 27.Nd3 f6 28.Nd2 Kf7 29.f4 Nc7 30.Kf2 Nb5
31.Kf3 Nc3 32.g4 g5 33.f5 e5 34.Nc1 e4+ 35.Kf2 Ke7 36.Nf1 Na4 37.Ke2 Nb2
38.Kd2 Nc4+ 39.Kc3 Nb8 40.Nb3 Na6 41.cxb6 Nxb6 42.Na5 Kd7 43.Ng3 Kc7 44.Nh5 Nd7
45.Nb3 Kd8 46.Nc5 Nab8 47.b5 cxb5 48.Kb4 Nc6+ 49.Kxb5 Na7+ 50.Ka6 Nxc5+ 51.Kxa7 Nb3
52.Kb6 Kd7 53.Nxf6+ Kd6 54.Ne8+ Kd7 55.Nc7 Nxd4 56.exd4  1-0

[Event "Carlsen Inv Prelim"]
[Site "chess24.com INT"]
[Date "2020.04.18"]
[Round "1.5"]
[White "Nakamura,Hi"]
[Black "Carlsen,M"]
[Result "0-1"]
[WhiteElo "2736"]
[BlackElo "2863"]

1.e4 c5 2.Nf3 e6 3.d4 cxd4 4.Nxd4 Nf6 5.Nc3 d6 6.Be3 Be7 7.Be2 Nc6 8.f4 O-O
9.Nb3 a6 10.a4 b6 11.O-O Bb7 12.Bf3 Nd7 13.g4 Na5 14.g5 Nc4 15.Bc1 e5 16.Be2 Rc8
17.h4 exf4 18.Rxf4 Nde5 19.Nd5 Ng6 20.Rf2 Bxd5 21.exd5 Nxh4 22.Qd4 Bxg5 23.Bxc4 Bxc1
24.Rxc1 Qg5+ 25.Kf1 Nf5 26.Rxf5 Qxf5+ 27.Kg2 Qg5+ 28.Kf3 Qf5+ 29.Kg2 Qg5+
30.Kf3 Qf5+ 31.Ke2 Rfe8+ 32.Kd2 Re4  0-1

[Event "Carlsen Inv Prelim"]
[Site "chess24.com INT"]
[Date "2020.04.18"]
[Round "1.1"]
[White "Carlsen,M"]
[Black "Nakamura,Hi"]
[Result "1-0"]
[WhiteElo "2863"]
[BlackElo "2736"]

1.d4 Nf6 2.c4 e6 3.Nf3 d5 4.Nc3 Be7 5.Bf4 O-O 6.e3 Nbd7 7.c5 c6 8.h3 b6 9.b4 a5
10.a3 h6 11.Bd3 Bb7 12.O-O Qc8 13.Re1 Ba6 14.Bc2 Re8 15.Rc1 axb4 16.axb4 bxc5
17.bxc5 Bd8 18.Ra1 Bc7 19.Qd2 e5 20.dxe5 Nxe5 21.Nxe5 Bxe5 22.Bxe5 Rxe5 23.Qd4 Re8
24.e4 dxe4 25.Nxe4 Nxe4 26.Rxe4 Rd8 27.Qc3 Rd5 28.Rea4 Bb7 29.Rxa8 Bxa8 30.Qa5 Bb7
31.Qb6 g6 32.Be4 Rd7 33.Bf3 h5 34.Re1 Qd8 35.Qxd8+ Rxd8 36.Re7 Ba6 37.Bxc6 Rc8
38.Re8+ Rxe8 39.Bxe8 Kf8 40.Bc6 h4 41.f4 Ke7 42.Kf2 f6 43.Ke3 Ke6 44.Be4 g5
45.Kd4 gxf4 46.Bd5+ Ke7 47.Ke4 Bc8 48.Kxf4 Bd7 49.g3 hxg3 50.Kxg3 Kf8 51.h4 Kg7
52.Kf4 Kh6 53.Bf3 Kg7 54.Ke4 Bc6+ 55.Ke3 Bb5 56.Kd4 Kf7 57.Kd5 Ke7 58.Bg4 Bd3
59.c6 f5 60.Bf3 Bb5 61.c7 Kd7 62.Ke5 f4 63.h5 Bc4 64.h6 Bg8 65.Bd5 Bh7 66.Be4 Bg8
67.Kxf4  1-0

[Event "Carlsen Inv Prelim"]
[Site "chess24.com INT"]
[Date "2020.04.20"]
[Round "2.3"]
[White "Nakamura,Hi"]
[Black "Giri,A"]
[Result "1/2-1/2"]
[WhiteElo "2736"]
[BlackElo "2764"]

1.d4 d5 2.c4 c6 3.cxd5 cxd5 4.Bf4 Nc6 5.e3 Nf6 6.Nc3 Bf5 7.Qb3 Na5 8.Qa4+ Bd7
9.Qc2 e6 10.Bd3 Bb4 11.Ne2 O-O 12.O-O Rc8 13.Rac1 h6 14.h3 b5 15.Qb1 Nc4
16.Rfd1 Qa5 17.Be5 Be7 18.Bxc4 Rxc4 19.Bxf6 Bxf6 20.Nf4 Rfc8 21.Nd3 b4 22.Ne2 Rxc1
23.Nexc1 Ba4 24.Nb3 Bxb3 25.axb3 Qb5 26.Rd2 Rc6 27.Qd1 Be7 28.Rc2 Bd6 29.Qc1 Rxc2
30.Qxc2 g6 31.g4 Kg7 32.Kg2 Qb7 33.f4 a5 34.h4 Qc7 35.Qf2 f5 36.g5 h5 37.Qe2 Kf7
38.Qd2 Ke7 39.Ne1 Qc6 40.Qd1 Kd7 41.Nd3  1/2-1/2